00608nam a2200193Ia 45000010005000000080041000050200018000460400013000640820021000771000016000982450077001142600043001913000011002345460007002456500030002529420007002829990015002899520110003046541140320s9999 xx 000 0 und d a0-684-80785-8 cPK-LaUMT a 306.8743bEYR-I aEyre, Linda aI didn't plan to be a witch and other surprises of a joyfulcEyre, Linda aNew York,USA:bA Fireside Book,c1996. a190 p. aEN aFamily-United States-Case cBK c8108d8108 00104070a01b01d2014-03-20l1o 306.8743 EYR-Ip7357r2021-06-23 00:00:00s2021-06-11w2014-03-20yBK